El Plan de Badajoz / (Record no. 70126)

MARC details
000 -LEADER
campo de control de longitud fija 00800nam a2200205 i 4500
001 - NÚMERO DE CONTROL
campo de control 70126
003 - IDENTIFICADOR DE NÚMERO DE CONTROL
campo de control ES-MaACL
005 - FECHA Y HORA DE LA ÚLTIMA TRANSACCIÓN
campo de control 20230906170728.0
007 - CAMPO FIJO DE DESCRIPCIÓN FÍSICA--INFORMACIÓN GENERAL
campo de control de longitud fija t|
008 - DATOS DE LONGITUD FIJA--INFORMACIÓN GENERAL
campo de control de longitud fija 040719s1958 sp ||||1| spa d
100 1# - ENTRADA PRINCIPAL--NOMBRE DE PERSONA
Nombre de persona García de Oteyza, Luis.
9 (RLIN) 54478
245 13 - MENCIÓN DEL TÍTULO
Título El Plan de Badajoz /
Mención de responsabilidad, etc. [bajo la dirección de Luis García de Oteyza].
260 ## - PUBLICACIÓN, DISTRIBUCIÓN, ETC.
Lugar de publicación, distribución, etc. [Madrid] :
Nombre del editor, distribuidor, etc. Secretaría Gestora del Plan de Badajoz,
Fecha de publicación, distribución, etc. [1958] (
Fabricante E. Casado)
300 ## - DESCRIPCIÓN FÍSICA
Extensión 212 p., lám. :
Otras características físicas il. ;
Dimensiones 27 cm.
500 ## - NOTA GENERAL
Nota general Precede al tít.: Presidencia del Gobierno, Instituto Nacional de Industria.
651 #4 - PUNTO DE ACCESO ADICIONAL DE MATERIA--NOMBRE GEOGRÁFICO
Nombre geográfico Badajoz (Provincia)-
Subdivisión general Política económica.
9 (RLIN) 160837
710 2# - ENTRADA AGREGADA--NOMBRE DE ENTIDAD CORPORATIVA
Nombre de entidad corporativa o nombre de jurisdicción como elemento de entrada Instituto Nacional de Industria (España)
9 (RLIN) 3953
710 1# - ENTRADA AGREGADA--NOMBRE DE ENTIDAD CORPORATIVA
Nombre de entidad corporativa o nombre de jurisdicción como elemento de entrada Secretaría Gestora del Plan de Badajoz.
9 (RLIN) 6522
852 ## - LOCALIZACIÓN
Ubicación ES-MaACL
Número de control de estantería C-15723
Sublocalización o colección R.43046
Holdings
Estatus retirado Estado de pérdida Estado de daño No para préstamo Biblioteca de origen Biblioteca actual Ubicación en estantería Fecha de adquisición Fuente de adquisición Total de préstamos Signatura topográfica completa Código de barras Visto por última vez Precio de reemplazo Tipo de ítem Koha
        Biblioteca del Ateneo de Madrid Biblioteca del Ateneo de Madrid Ficheros 17/01/2008     C-15723 1073432 23/02/2023 23/02/2023 Libro impreso